Poémes: Les Iles de la nuit; Rivages de l´Homme; l´Étoile pourpre

Guardat en:
Dades bibliogràfiques
Autor principal: Grandbois, Alain
Format: Llibre
Idioma:Undetermined
Publicat: Montreal, Canadá L´Hexagone 1963
Matèries:
Etiquetes: Afegir etiqueta
Sense etiquetes, Sigues el primer a etiquetar aquest registre!

MARC

LEADER 00000nam a2200000Ia 4500
008 170316s9999 xx 000 0 und d
040 |a cru BVZT 
090 |a 818 G-20p 
100 |a Grandbois, Alain 
245 |a Poémes: Les Iles de la nuit; Rivages de l´Homme; l´Étoile pourpre 
260 |a Montreal, Canadá 
260 |b L´Hexagone 
260 |c 1963 
300 |a 246 páginas 
650 |a LITERATURA CANADIENSE 
999 |c 6441  |d 6441 
942 |c 15 D  |h 818 G-20p  |2 z